00347nam a2200121 a 4500008004100000050001600041100001800057245004900075246005000124260002300174300001900197350000900216120416s1990 ||||||||||||||||| || u aT 174.3 Hof aHoffman, Kurt10aManagement international technology transfer aa strategic approach for developing countries aOttawabIDRCc1990 ax, 312p. : ill a0.00